| 000 | 00334nam a22001097a 4500 | ||
|---|---|---|---|
| 008 | 230619b xxu||||| |||| 00| 0 eng d | ||
| 082 |
_a297.07 _bNCECE |
||
| 245 | _aIslamic Integrated Education Programme Training of Trainers Manual | ||
| 260 |
_aNairobi,Kenya _bKenya Institute of Education _c2001 |
||
| 300 | _aVII,146p | ||
| 942 |
_2ddc _cBK |
||
| 999 |
_c1362 _d1362 |
||